| 000 | 00636nam a2200229 a 4500 | ||
|---|---|---|---|
| 001 | 6928 | ||
| 003 | BD-RjUL | ||
| 005 | 20211208234336.0 | ||
| 008 | 160802s1965 nyu 001 0 eng d | ||
| 035 | _a(BD-RjUL)6970 | ||
| 040 |
_aBD-RjUL _beng _cBD-RjUL _dBD-RjUL |
||
| 041 | _aeng | ||
| 082 | 0 | 4 |
_216 _a512 _bCOU 1965 |
| 100 | 1 |
_aCohn, P. M. _q(Paul Moritz) _921731 |
|
| 245 | 1 | 0 |
_aUniversal algebra / _cP. M. Cohn. |
| 260 |
_aNew York : _bHarper & Row, _c1965. |
||
| 300 |
_axv, 333 p. ; _c24 cm |
||
| 504 | _aIncludes bibliographical reference and indexes. | ||
| 504 | _aI | ||
| 650 | 0 |
_aAlgebra, Universal _920117 |
|
| 942 |
_2ddc _cBK |
||
| 999 |
_c6928 _d6928 |
||